Munch! What are you eating? / (Record no. 7150)

MARC details
000 -LEADER
fixed length control field 01308cam a2200337 a 4500
001 - CONTROL NUMBER
control field 7150
003 - CONTROL NUMBER IDENTIFIER
control field FISKH
005 - DATE AND TIME OF LATEST TRANSACTION
control field 20250630100350.0
008 - FIXED-LENGTH DATA ELEMENTS--GENERAL INFORMATION
fixed length control field 990730r19991996enka a 000 1 eng
010 ## - LIBRARY OF CONGRESS CONTROL NUMBER
LC control number 99231791
020 ## - INTERNATIONAL STANDARD BOOK NUMBER
International Standard Book Number 1899607579 :
040 ## - CATALOGING SOURCE
Original cataloging agency UKM
Transcribing agency UKM
Modifying agency DLC
Language of cataloging eng
050 ## - LIBRARY OF CONGRESS CALL NUMBER
Classification number PZ7.E388 M
082 ## - DEWEY DECIMAL CLASSIFICATION NUMBER
Classification number 813
100 1# - MAIN ENTRY--PERSONAL NAME
Personal name Elgar, Rebecca.
245 10 - TITLE STATEMENT
Title Munch! What are you eating? /
Statement of responsibility, etc. [Rebecca Elgar].
260 ## - PUBLICATION, DISTRIBUTION, ETC.
Place of publication, distribution, etc. London :
Name of publisher, distributor, etc. Berry Blue Book,
Date of publication, distribution, etc. 1996.
300 ## - PHYSICAL DESCRIPTION
Extent 12 unnumbered pages :
Other physical details color illustrations ;
Dimensions 18 cm
500 ## - GENERAL NOTE
General note WIth food on ribbons to put iin the slots
505 ## - FORMATTED CONTENTS NOTE
Formatted contents note A<br/>
520 ## - SUMMARY, ETC.
Summary, etc. Everyone's hungry! What will they eat? It's up to you to feed kitty, baby bird, bunny, and a kid just like you! There's a blue bowl filled with delicious milk, a plump pink worm, a bright orange carrot, and a yummy chocolate cookie. Hint: the color-coded ribbons and food dishes attached to this sturdy board book make it easy to figure out who gets what!
521 8# - TARGET AUDIENCE NOTE
Target audience note 70<br/>
Source Lexile estimate<br/>
521 8# - TARGET AUDIENCE NOTE
Target audience note A<br/>
Source Raz-Plus<br/>
650 #0 - SUBJECT ADDED ENTRY--TOPICAL TERM
Topical term or geographic name entry element Toy and movable books
Form subdivision Specimens.
650 #1 - SUBJECT ADDED ENTRY--TOPICAL TERM
Topical term or geographic name entry element Food
Form subdivision Fiction.
650 #1 - SUBJECT ADDED ENTRY--TOPICAL TERM
Topical term or geographic name entry element Animals
Form subdivision Fiction.
650 #1 - SUBJECT ADDED ENTRY--TOPICAL TERM
Topical term or geographic name entry element Toy and movable books.
906 ## - LOCAL DATA ELEMENT F, LDF (RLIN)
a 7
b cbc
c copycat
d 2
e ncip
f 19
g y-gencatlg
942 ## - ADDED ENTRY ELEMENTS (KOHA)
Source of classification or shelving scheme Dewey Decimal Classification
Koha item type Books
Suppress in OPAC No

No items available.